Statistics for What country in European Union?

Click here to take the quiz!

General Stats

  • This quiz has been taken 26 times
  • The average score is 20 of 27

Answer Stats

HintAnswer% Correct
Here sits the EUBelgium
100%
Pizza, PizzaItaly
100%
Transylvania is thereRomania
96%
Half turkey half …Cyprus
91%
Located in 12 different timezonesFrance
91%
Borders Russia and GermanyPoland
91%
The northest country of EUFinland
87%
Southest BeNeLux countryLuxembourg
87%
Has a Famous island for beer and partySpain
87%
Borders Turkey and SerbiaBulgaria
83%
Von der Leyen is from this countryGermany
78%
Famous for its islandsGreece
78%
Heres the Oresund BridgeDenmark
74%
Has many canals in its capitalNetherlands
74%
In the middle of the baltic statesLatvia
70%
Has around 100000 lakesSweden
70%
Was Long time a german allyAustria
65%
BohemiaCzech Republic
61%
Divided in North and SouthIreland
61%
Had an union with polandLithuania
61%
2 (big) islandsMalta
61%
Part of the name means HarbourPortugal
61%
IstriaCroatia
57%
Visegrad is hereHungary
57%
Has more than 2000 islandsEstonia
52%
Capital is at the DanubeSlovakia
43%
Krainer sausageSlovenia
30%

Score Distribution

Percentile by Number Answered

Percent of People with Each Score

Your Score History

You have not taken this quiz